000 00723nam a2200265Ia 4500
003 OSt
005 20221006150942.0
006 a|||||r|||| 00| 0
007 ta
008 221006b |||||||| |||| 00| 0 jpn d
020 _c¥1600
024 _a20,333
037 _bGift, Japan Foundation
_cTextual
040 _aEASL
_cEASL
_bjpn
041 _2jpn
_ajpn
082 _aX94.42.N91, N1
100 _aKOSEISHO Ed.
_9658007
245 0 _aKosei Hakusho, 1991
260 _aTokyo
_bZaidan Hojin Kosei Mondai Kenkyukai Japan
_c1992
300 _a432p.
_ccm.
490 _v JL
650 _aJL
942 _hX94.42.N91, N1
_cTEXL
_2CC
999 _c1088419
_d1088419